Universal decimal classification. 333, Land and landed property.
Guardat en:
| Autor corporatiu: | |
|---|---|
| Format: | Llibre |
| Idioma: | English |
| Publicat: |
London :
British Standards Institution,
1969..
|
| Edició: | English full ed. (4th international ed.). |
| Col·lecció: | FID publication ;
no. 179. British standard 1969 ; 1000 [333]: |
| Matèries: |
| LEADER | 00981nam a2200253 a 4500 | ||
|---|---|---|---|
| 001 | c000168662 | ||
| 003 | CARM | ||
| 005 | 20030409203423.0 | ||
| 008 | 030217s1969 enk 000 0 eng d | ||
| 019 | 1 | |a 24545926 |5 LACONCORD2021 | |
| 020 | |a 0580050688 | ||
| 035 | |a (OCoLC)223509283 |5 LACONCORD2021 | ||
| 040 | |a VU |b eng |c VU | ||
| 110 | 2 | |a British Standards Institution. | |
| 245 | 1 | 0 | |a Universal decimal classification. |n 333, |p Land and landed property. |
| 250 | |a English full ed. (4th international ed.). | ||
| 260 | |a London : |b British Standards Institution, |c 1969.. | ||
| 300 | |a 8 p. ; |c 30 cm. | ||
| 440 | 0 | |a FID publication ; |v no. 179. | |
| 440 | 0 | |a British standard |p 1969 ; |v 1000 [333]: | |
| 650 | 0 | |a Classification, Universal decimal. | |
| 852 | 8 | |b CARM |h A3:AB30C0 |i D06549 |p 0217394 |f BK | |
| 999 | f | f | |i 3f45502f-ff9b-5ce0-ba3a-5d4809c7d26e |s ee91c5ce-726e-54ad-907c-a3e3fc404598 |
| 952 | f | f | |p Can circulate |a CAVAL |b CAVAL |c CAVAL |d CARM 1 Store |e D06549 |f A3:AB30C0 |h Other scheme |i book |m 0217394 |